000 00538nam a2200229Ia 4500
003 OSt
005 20230331152340.0
008 210423s2009 xx 000 0 und d
020 _a8130910896
040 _cAL
041 _aeng
082 _a332 LEAR
100 _aLEARNING MEDIA
_981075
245 _aFinance
260 _aNew Delhi
_bViva Books Pvt Ltd
_c2009
300 _aviii,852
_bPB
365 _b595
_cINR
650 _aEconomics
_981076
650 _aFinancial Economics
_981077
906 _aFinance
942 _2ddc
_cBK
999 _c157733
_d157733